| 000 | 00479cam a2200169u 4500 | ||
|---|---|---|---|
| 020 | _a9788176222204 | ||
| 082 |
_a631.46 _bCOX/CR |
||
| 100 | 1 |
_aCox, Joseph Frank, _91201 |
|
| 100 | 1 |
_aJackson, Layman Edson, _91202 |
|
| 245 | 1 | 0 | _aCrop Management and Soil Conservation, |
| 250 | _a2 | ||
| 260 |
_aDelhi _bBiotech Books _c2011 |
||
| 300 |
_axxi, 572 p. _bincl. front., illus. (incl. maps) tables, diagrs. |
||
| 650 | 0 |
_aAgriculture _91099 |
|
| 650 | 0 |
_aSoils. _91203 |
|
| 942 | _cBK | ||
| 999 |
_c13760 _d13760 |
||